| 000 | 00427nam a2200157 a 4500 | ||
|---|---|---|---|
| 005 | 20140412111411.0 | ||
| 008 | 070221s19uu xx 00 eng d | ||
| 020 | _a0-7358-1872-x | ||
| 050 |
_aER _bPe44 2000 |
||
| 100 | _aGorbachev, Valeri | ||
| 245 |
_aPeter's picture / _cLaleri Gorbachev. |
||
| 260 |
_aNew york : _bNorth South books, _c2000. |
||
| 650 | _aBears-fiction | ||
| 650 | _aAnimals - fiction | ||
| 999 |
_c105693 _d105693 |
||